Capitales les plus proches des "4 capitales de l'UE" A-Z - Statistiques

Statistiques générales
  • Ce quiz a été pris 35 fois
    33 depuis la dernière actualisation
  • Le résultat moyen est 14 sur 24
Statistiques - réponses
Capitales % Correct
P Paris
91%
A Amsterdam
78%
R Rome
78%
D Dublin
75%
B Berne
72%
L Londres
72%
H Helsinki
69%
O Oslo
66%
C Copenhague
59%
M Monaco
59%
W Washington
59%
E Erevan
56%
I Islamabad
56%
Q Quito
56%
S Saint-Marin
56%
Z Zagreb
56%
K Kiev
53%
T Tirana
53%
V Vaduz
53%
N Nicosie
44%
Y Yamoussoukro
44%
J Jérusalem
41%
F Freetown
38%
G Gitega
16%
Aucun quiz correspondant
Distribution des résultats
% des personnes avec chaque résultat
Percentile par nombre de réponses
Votre historique - résultats
Vous n’avez pas pris ce quiz depuis la dernière actualisation